3ds max 7 fundamentals and beyond courseware manual : Discreet
The book begins with the Overview modude and you should complete it before any other modules. It contains a functional overview of the essential tools and principles of 3ds max. The modude starts with an introduction to 3D animation and how to use 3ds max.
Spremljeno u:
| Format: | Knjiga |
|---|---|
| Jezik: | Undetermined |
| Izdano: |
Amsterdam
Elsevier
2005
|
| Teme: | |
| Oznake: |
Dodaj oznaku
Bez oznaka, Budi prvi tko označuje ovaj zapis!
|
| Thư viện lưu trữ: | Trung tâm Học liệu Trường Đại học Cần Thơ |
|---|
| LEADER | 00879nam a2200205Ia 4500 | ||
|---|---|---|---|
| 001 | CTU_214148 | ||
| 008 | 210402s9999 xx 000 0 und d | ||
| 082 | |a 006.696 | ||
| 082 | |b T531 | ||
| 245 | 0 | |a 3ds max 7 fundamentals and beyond courseware manual : | |
| 245 | 0 | |b Discreet | |
| 245 | 0 | |c [ Courseware manager, Roger Cusson ; Project lead & lead author, Pia Maffei ] | |
| 260 | |a Amsterdam | ||
| 260 | |b Elsevier | ||
| 260 | |c 2005 | ||
| 520 | |a The book begins with the Overview modude and you should complete it before any other modules. It contains a functional overview of the essential tools and principles of 3ds max. The modude starts with an introduction to 3D animation and how to use 3ds max. | ||
| 650 | |a 3ds max ( Computer programs ) | ||
| 904 | |i Qhieu | ||
| 910 | |a Sách kèm đĩa: AV.000761 | ||
| 980 | |a Trung tâm Học liệu Trường Đại học Cần Thơ | ||